[Event "Tradewise Gibraltar Chess Festival 2013"]
[Site "Gibraltar ENG"]
[Date "2013.01.28"]
[Round "7.34"]
[White "Tate, Alan"]
[Black "Bartel, Mateusz"]
[Result "0-1"]
[WhiteElo "2290"]
[BlackElo "2629"]
[PlyCount "148"]
[EventDate "2013.01.22"]
[EventType "swiss"]
[EventRounds "10"]
[EventCountry "ENG"]
[Source "lmi"]
[SourceDate "2013.01.22"]

1. e4 g6 2. d4 Bg7 3. Nf3 d6 4. Bd3 c5 5. d5 a6 6. a4 e6 7. O-O Ne7 8. Nc3 O-O
9. Nd2 Nd7 10. Nc4 Nb6 11. Ne3 exd5 12. exd5 Re8 13. a5 Bxc3 14. bxc3 Nbxd5 15.
Nxd5 Nxd5 16. Bxg6 hxg6 17. Qxd5 Be6 18. Qd3 Qh4 19. Qg3 Qxg3 20. hxg3 Bc4 21.
Rd1 Re6 22. Bf4 Rd8 23. Be3 Rc8 24. Bf4 Rd8 25. Be3 Rde8 26. Bf4 d5 27. Rab1
R8e7 28. Be3 Rc6 29. Re1 f6 30. f3 Kf7 31. Kf2 g5 32. g4 Ke8 33. Rh1 Kd8 34.
Rbe1 Kd7 35. Rb1 Bb5 36. Rhd1 Re5 37. Rh1 Rc8 38. Rh7+ Kc6 39. Rh6 Rf8 40. Re1
b6 41. axb6 Kxb6 42. Reh1 a5 43. g3 a4 44. f4 Re6 45. fxg5 fxg5+ 46. Ke1 Rf1+
47. Rxf1 Rxh6 48. Rf8 Rh1+ 49. Kd2 Rb1 50. c4 d4 51. Bxd4 cxd4 52. cxb5 Rxb5
53. Kd3 a3 54. Rb8+ Ka5 55. Rf8 Rb6 56. Rf1 a2 57. Ra1 Rb2 58. Kxd4 Rxc2 59.
Kd3 Rb2 60. Kc3 Rg2 61. Kb3 Kb5 62. Rc1 Kb6 63. Ka3 Ka6 64. Kb3 Kb5 65. Ka3 Rc2
66. Rd1 Kc4 67. Rf1 Kd3 68. Kb3 Rg2 69. Rd1+ Ke4 70. Rc1 Kf3 71. Ra1 Kxg3 72.
Kc3 Kh3 73. Kd3 Rg3+ 74. Ke2 Rxg4 0-1

[Event "Tradewise Gibraltar Chess Festival 2013"]
[Site "Gibraltar ENG"]
[Date "2013.01.28"]
[Round "7.37"]
[White "Houska, Jovanka"]
[Black "Villuendas Valero, Adrian"]
[Result "1-0"]
[WhiteElo "2416"]
[BlackElo "2301"]
[PlyCount "117"]
[EventDate "2013.01.22"]
[EventType "swiss"]
[EventRounds "10"]
[EventCountry "ENG"]
[Source "lmi"]
[SourceDate "2013.01.22"]

1. d4 d5 2. Nf3 Nf6 3. c4 dxc4 4. e3 Be6 5. Nc3 h6 6. Be2 c6 7. Ne5 Nbd7 8.
Nxc4 Bxc4 9. Bxc4 e6 10. O-O Qc7 11. e4 Rd8 12. e5 Nd5 13. Nxd5 cxd5 14. Bd3
Nb8 15. Be3 Nc6 16. Rc1 g6 17. h4 h5 18. Qa4 Rc8 19. b4 a6 20. Rc3 Be7 21. Rfc1
O-O 22. g3 Qd7 23. a3 Ra8 24. Qc2 Kg7 25. Kg2 Rfc8 26. Qe2 Na7 27. Qd2 Rxc3 28.
Bh6+ Kg8 29. Rxc3 Rc8 30. Rxc8+ Qxc8 31. g4 hxg4 32. h5 Qe8 33. Bg5 Qd8 34.
Bxe7 Qxe7 35. hxg6 fxg6 36. Bxg6 Kg7 37. Bd3 Qh4 38. Bf1 Nc6 39. b5 axb5 40.
Bxb5 g3 41. Bxc6 Qh2+ 42. Kf3 Qh5+ 43. Kxg3 Qg6+ 44. Kh2 Qh5+ 45. Kg1 Qg6+ 46.
Kf1 Qb1+ 47. Ke2 Qe4+ 48. Qe3 Qc2+ 49. Kf3 Qxc6 50. Kg4 Kh7 51. Kg5 Qe8 52.
Qh3+ Kg8 53. Qh6 Qd7 54. Qf6 Qc8 55. Qe7 Qc1+ 56. f4 Qg1+ 57. Kf6 Kh8 58. Qe8+
Kh7 59. Qh5+ 1-0

[Event "Tradewise Gibraltar Chess Festival 2013"]
[Site "Gibraltar ENG"]
[Date "2013.01.28"]
[Round "7.39"]
[White "Arakhamia-Grant, Ketevan"]
[Black "Gaehwiler, Gabriel"]
[Result "1/2-1/2"]
[WhiteElo "2405"]
[BlackElo "2269"]
[PlyCount "111"]
[EventDate "2013.01.22"]
[EventType "swiss"]
[EventRounds "10"]
[EventCountry "ENG"]
[Source "lmi"]
[SourceDate "2013.01.22"]

1. e4 c5 2. Nc3 d6 3. f4 g6 4. Nf3 Bg7 5. Bb5+ Bd7 6. Bc4 Nc6 7. O-O Na5 8. Be2
Nf6 9. d3 O-O 10. Qe1 Nc6 11. Qh4 Rc8 12. Kh1 Nd4 13. Bd1 Bg4 14. Nxd4 cxd4 15.
Bxg4 Nxg4 16. Qxg4 dxc3 17. b3 f5 18. Qf3 Qd7 19. Be3 a6 20. a4 Qc6 21. a5 e5
22. exf5 Qxf3 23. Rxf3 exf4 24. Bxf4 Rxf5 25. g4 Rf7 26. Kg2 Re8 27. Be3 d5 28.
Rxf7 Kxf7 29. Rf1+ Kg8 30. Bc5 Re2+ 31. Rf2 Re1 32. Kf3 Kf7 33. Re2 Rxe2 34.
Kxe2 h5 35. gxh5 gxh5 36. d4 Ke6 37. Kd3 Kf5 38. Bd6 Bh6 39. Kxc3 Ke4 40. Be5
Be3 41. Kb4 Bd2+ 42. Kc5 Bxa5 43. Bf6 Bc3 44. h4 Bxd4+ 45. Bxd4 b6+ 46. Kxb6
Kxd4 47. Kxa6 Kc3 48. Kb5 Kxc2 49. Kc5 Kxb3 50. Kxd5 Kb4 51. Ke5 Kc5 52. Kf5
Kd6 53. Kg5 Ke7 54. Kxh5 Kf8 55. Kg6 Kg8 56. h5 1/2-1/2

[Event "Tradewise Gibraltar Chess Festival 2013"]
[Site "Gibraltar ENG"]
[Date "2013.01.28"]
[Round "7.40"]
[White "Olhovik, Andrei"]
[Black "Jones, Richard S"]
[Result "0-1"]
[WhiteElo "2246"]
[BlackElo "2393"]
[PlyCount "108"]
[EventDate "2013.01.22"]
[EventType "swiss"]
[EventRounds "10"]
[EventCountry "ENG"]
[Source "lmi"]
[SourceDate "2013.01.22"]

1. d4 d5 2. c4 c6 3. Nf3 Nf6 4. cxd5 cxd5 5. Bf4 Nc6 6. Nc3 Bf5 7. Qb3 Na5 8.
Qa4+ Bd7 9. Qc2 Rc8 10. Ne5 e6 11. e3 Ne4 12. Nxd7 Qxd7 13. Bd3 Nxc3 14. bxc3
Bb4 15. O-O Rxc3 16. Qb2 Rxd3 17. Qxb4 Nc4 18. Rfb1 b6 19. Rb3 a5 20. Qe1 Rd2
21. Rc3 Rb2 22. Qc1 Rb4 23. e4 O-O 24. e5 a4 25. Bh6 f5 26. exf6 Rxf6 27. Rg3
Rf7 28. Bf4 Na5 29. Be3 Rc4 30. Qd1 b5 31. h4 Nc6 32. h5 Ne7 33. h6 Nf5 34. Rg5
g6 35. Qg4 e5 36. Rd1 Nxd4 37. Qxd7 Rxd7 38. Rxe5 Ne2+ 39. Kf1 Nc3 40. Re1 Re4
41. Bd2 Rxe5 42. Rxe5 Nxa2 43. f4 b4 44. Re8+ Kf7 45. Rb8 b3 46. Ke2 d4 47. Kd3
Nc3 48. Rb4 Ra7 49. Kxd4 Nd1 50. Bc1 a3 51. Bxa3 Rxa3 52. Rb7+ Kf6 53. Rxh7
Ra4+ 54. Kd3 Rb4 0-1

[Event "Tradewise Gibraltar Chess Festival 2013"]
[Site "Gibraltar ENG"]
[Date "2013.01.28"]
[Round "7.41"]
[White "Kriebel, Tadeas"]
[Black "Tari, Aryan"]
[Result "0-1"]
[WhiteElo "2369"]
[BlackElo "2268"]
[PlyCount "126"]
[EventDate "2013.01.22"]
[EventType "swiss"]
[EventRounds "10"]
[EventCountry "ENG"]
[Source "lmi"]
[SourceDate "2013.01.22"]

1. e4 c5 2. Nf3 Nc6 3. d4 cxd4 4. Nxd4 g6 5. Nc3 Bg7 6. Be3 Nf6 7. Bc4 O-O 8.
Bb3 a5 9. O-O a4 10. Nxa4 Nxe4 11. c4 d6 12. Nb5 Nc5 13. Nxc5 dxc5 14. Bxc5
Bxb2 15. Rb1 Qxd1 16. Rbxd1 Be5 17. Rfe1 Re8 18. Bb6 Be6 19. Bc7 Bf6 20. Rxe6
fxe6 21. c5 Kg7 22. Bb6 Be5 23. Rd7 Reb8 24. g3 g5 25. Bxe6 Kf6 26. Bd5 Ra4 27.
Bxc6 bxc6 28. Na7 Ke6 29. Rd2 Ra8 30. Nxc6 Rxa2 31. Nd8+ Kf6 32. Rd7 Rb2 33.
Ba7 Bd4 34. Rxd4 Rxa7 35. Rd3 g4 36. Rd4 e5 37. Rd6+ Kf5 38. Rd1 Raa2 39. Rf1
Rc2 40. c6 Rd2 41. Nf7 Rac2 42. Re1 e4 43. Nh6+ Kg5 44. Nf7+ Kg6 45. Ne5+ Kf5
46. Nxg4 Kxg4 47. Rxe4+ Kg5 48. h4+ Kh5 49. Rf4 Rxc6 50. Kg2 Kg6 51. Kh3 Rf6
52. Rg4+ Kh6 53. Rg5 Rdxf2 54. Ra5 R2f3 55. Kg4 Rb3 56. h5 Rb4+ 57. Kh3 Rf3 58.
Rc5 Rbb3 59. Kh4 Rxg3 60. Rc6+ Kg7 61. h6+ Kh8 62. Rc8+ Rg8 63. Rc6 Rb1 0-1

[Event "Tradewise Gibraltar Chess Festival 2013"]
[Site "Gibraltar ENG"]
[Date "2013.01.28"]
[Round "7.42"]
[White "Sanchez Ibern, Marc"]
[Black "Loew, Gerald"]
[Result "1-0"]
[WhiteElo "2356"]
[BlackElo "2231"]
[PlyCount "67"]
[EventDate "2013.01.22"]
[EventType "swiss"]
[EventRounds "10"]
[EventCountry "ENG"]
[Source "lmi"]
[SourceDate "2013.01.22"]

1. d4 Nf6 2. Nf3 g6 3. g3 Bg7 4. Bg2 d5 5. c4 dxc4 6. O-O O-O 7. Na3 Nc6 8.
Nxc4 Be6 9. b3 Bd5 10. Bb2 a5 11. a4 h6 12. Rc1 Qc8 13. e3 Qe6 14. Qe2 Rfd8 15.
Rfd1 Kh7 16. Nfe5 Bxg2 17. Kxg2 Nxe5 18. dxe5 Nd7 19. f4 b6 20. Bd4 f6 21. exf6
exf6 22. e4 Bf8 23. Rd3 Re8 24. Re3 Bc5 25. Rd1 Bxd4 26. Rxd4 Nc5 27. Qf3 Rad8
28. f5 gxf5 29. exf5 Qf7 30. Rh4 Rxe3 31. Nxe3 Rd3 32. Qf4 Qf8 33. Ng4 Rxb3 34.
Qxc7+ 1-0

[Event "Tradewise Gibraltar Chess Festival 2013"]
[Site "Gibraltar ENG"]
[Date "2013.01.28"]
[Round "7.43"]
[White "Storey, Charles H"]
[Black "Wemmers, Xander"]
[Result "1-0"]
[WhiteElo "2245"]
[BlackElo "2349"]
[PlyCount "119"]
[EventDate "2013.01.22"]
[EventType "swiss"]
[EventRounds "10"]
[EventCountry "ENG"]
[Source "lmi"]
[SourceDate "2013.01.22"]

1. g3 e5 2. c4 g6 3. Bg2 Bg7 4. Nc3 f5 5. d3 Nf6 6. Bg5 h6 7. Bd2 c6 8. f4 d6
9. Qb3 Nbd7 10. Qa3 Qe7 11. Nh3 O-O 12. fxe5 Nxe5 13. O-O-O Bd7 14. Rhe1 Rfe8
15. Qb3 Be6 16. Qc2 Qd7 17. Be3 g5 18. Nf2 Bf7 19. Bd2 Neg4 20. Nxg4 Nxg4 21.
Kb1 Ne3 22. Bxe3 Rxe3 23. Rd2 Rae8 24. Nd1 R3e7 25. e3 d5 26. cxd5 cxd5 27. Rf1
Qe6 28. d4 Bg6 29. Qb3 Rd8 30. Ka1 Kh8 31. a3 Rc7 32. Nf2 Rc4 33. h4 Rdc8 34.
Ka2 g4 35. Nd1 Qa6 36. Rf4 Qa5 37. Nc3 Rxc3 38. bxc3 Rxc3 39. Qb4 Rxa3+ 40.
Qxa3 Qxd2+ 41. Qb2 Qxe3 42. Bxd5 b6 43. Qc2 Qe8 44. Qc6 Qe2+ 45. Kb3 Kh7 46.
Qe6 Qd3+ 47. Ka4 h5 48. Bc4 Qxg3 49. Rxf5 a6 50. Bd5 Qc3 51. Bb3 b5+ 52. Ka3
Qa1+ 53. Kb4 Qxd4+ 54. Ka5 Qd3 55. Rg5 b4 56. Bc4 Qd8+ 57. Kxa6 Qa8+ 58. Kb5
Qb7+ 59. Ka5 Qc7+ 60. Ka6 1-0

[Event "Tradewise Gibraltar Chess Festival 2013"]
[Site "Gibraltar ENG"]
[Date "2013.01.28"]
[Round "7.44"]
[White "Ortega Ruiz, Jose Miguel"]
[Black "Spence, David J"]
[Result "0-1"]
[WhiteElo "2349"]
[BlackElo "2226"]
[PlyCount "80"]
[EventDate "2013.01.22"]
[EventType "swiss"]
[EventRounds "10"]
[EventCountry "ENG"]
[Source "lmi"]
[SourceDate "2013.01.22"]

1. e4 e6 2. d4 d5 3. e5 c5 4. c3 Qb6 5. Nf3 Nc6 6. Bd3 cxd4 7. cxd4 Bd7 8. O-O
Nxd4 9. Nxd4 Qxd4 10. Nc3 a6 11. Be3 Qxe5 12. Re1 Qd6 13. Bd4 Ne7 14. Rc1 f6
15. Na4 Bxa4 16. Qxa4+ Qd7 17. Qd1 Kf7 18. Qf3 Rc8 19. Rcd1 Nc6 20. Qh5+ Kg8
21. Bb6 g6 22. Qh3 Re8 23. Bc4 Qf7 24. Bb3 Kg7 25. Be3 h6 26. Bc1 Kh7 27. Rd3
Bg7 28. Qh4 Ne7 29. Qb4 Nc6 30. Qh4 Ne7 31. Qb4 Nf5 32. Rh3 e5 33. Be3 Nxe3 34.
Rhxe3 Qd7 35. Bc2 f5 36. h4 h5 37. a4 Qe7 38. Qb6 Rc8 39. Rg3 Qf6 40. Qb3 Rhd8
0-1

[Event "Tradewise Gibraltar Chess Festival 2013"]
[Site "Gibraltar ENG"]
[Date "2013.01.28"]
[Round "7.45"]
[White "Kantorik, Marian"]
[Black "Lind, Jan-Olof"]
[Result "1-0"]
[WhiteElo "2331"]
[BlackElo "2217"]
[PlyCount "199"]
[EventDate "2013.01.22"]
[EventType "swiss"]
[EventRounds "10"]
[EventCountry "ENG"]
[Source "lmi"]
[SourceDate "2013.01.22"]

1. d4 Nf6 2. c4 c5 3. d5 e5 4. Nc3 d6 5. e4 Be7 6. f4 exf4 7. Bxf4 O-O 8. Nf3
Re8 9. Bd3 Nh5 10. Be3 g6 11. O-O Nd7 12. g4 Nhf6 13. h3 h5 14. g5 Nh7 15. h4
Bf8 16. Bf4 a6 17. Qd2 Ne5 18. Nxe5 dxe5 19. Bg3 b6 20. Rf2 Ra7 21. Be2 Bg7 22.
Rg2 Kh8 23. Bf2 Rg8 24. Be3 f6 25. Rg3 fxg5 26. hxg5 Rf8 27. Rf1 Rxf1+ 28. Bxf1
Rf7 29. Be2 Rf8 30. Nd1 Qd6 31. Nf2 Bd7 32. Nd3 a5 33. Rf3 Rxf3 34. Bxf3 Be8
35. b3 Kg8 36. a3 Nf8 37. b4 axb4 38. axb4 Nd7 39. Bg2 Bf8 40. b5 Qc7 41. Qa2
Qd8 42. Ne1 Bd6 43. Bh3 Nf8 44. Qa7 Bd7 45. Bxd7 Nxd7 46. Nf3 Qc7 47. Qa6 Nb8
48. Qa8 Kg7 49. Kf2 Kf7 50. Bd2 Kg7 51. Bc3 Kh7 52. Ke3 Kg7 53. Kd3 Kh7 54. Kc2
Kg7 55. Kb3 Kh7 56. Qa1 Nd7 57. Qh1 Nf8 58. Qh2 Nd7 59. Qh3 Nf8 60. Qg3 Nd7 61.
Qf2 Qd8 62. Qh2 Qc7 63. Ne1 Kg8 64. Nd3 Qb8 65. Qh3 Nf8 66. Qf1 Nd7 67. Bb2 Qc7
68. Ne1 Qb8 69. Nf3 Qc7 70. Nh4 Kg7 71. Ng2 Kg8 72. Bc3 Qd8 73. Bd2 Qf8 74. Qe2
Qd8 75. Nh4 Kg7 76. Nf3 Qb8 77. Bc3 Qc7 78. Qf1 Qb8 79. Qh3 Nf8 80. Qh2 Nd7 81.
Qa2 Qc7 82. Qa1 Kh7 83. Ne1 Kg7 84. Nd3 Kh7 85. Qa8 Nb8 86. Bb2 Kg8 87. Bc3 Kh7
88. Nb2 h4 89. Nd3 Qe7 90. Qa1 Nd7 91. Qg1 Kg8 92. Qg4 Nf8 93. Qxh4 Qf7 94. Qg3
Qf1 95. Nb2 Nd7 96. Qg4 Nf8 97. Qc8 Be7 98. Qc7 Bxg5 99. Qxe5 Bh6 100. Qh8+ 1-0

[Event "Tradewise Gibraltar Chess Festival 2013"]
[Site "Gibraltar ENG"]
[Date "2013.01.28"]
[Round "7.46"]
[White "Sanchez Botella, Luis Javier"]
[Black "Dittmar, Peter"]
[Result "1/2-1/2"]
[WhiteElo "2196"]
[BlackElo "2330"]
[PlyCount "61"]
[EventDate "2013.01.22"]
[EventType "swiss"]
[EventRounds "10"]
[EventCountry "ENG"]
[Source "lmi"]
[SourceDate "2013.01.22"]

1. d4 Nf6 2. c4 e6 3. Nf3 d5 4. Bg5 Be7 5. e3 h6 6. Bh4 O-O 7. Nc3 Ne4 8. Bxe7
Qxe7 9. Rc1 c6 10. Bd3 Nxc3 11. Rxc3 Nd7 12. O-O e5 13. dxe5 dxc4 14. Bxc4 Nxe5
15. Nxe5 Qxe5 16. f4 Qe4 17. Kh1 Bh3 18. Qe2 Rad8 19. Bb3 Bc8 20. Bc2 Qe7 21.
e4 Rd4 22. e5 Rfd8 23. Rg3 Qb4 24. Bb3 Re4 25. Qh5 Rxf4 26. Rgf3 Rxf3 27. Qxf3
Be6 28. Bxe6 fxe6 29. Qf7+ Kh8 30. Qxe6 Rf8 31. Rxf8+ 1/2-1/2

[Event "Tradewise Gibraltar Chess Festival 2013"]
[Site "Gibraltar ENG"]
[Date "2013.01.28"]
[Round "7.48"]
[White "Nafri, Khalil"]
[Black "Montero Melendez, Rafael"]
[Result "0-1"]
[WhiteElo "2091"]
[BlackElo "2316"]
[PlyCount "60"]
[EventDate "2013.01.22"]
[EventType "swiss"]
[EventRounds "10"]
[EventCountry "ENG"]
[Source "lmi"]
[SourceDate "2013.01.22"]

1. e4 c5 2. Nf3 e6 3. d4 cxd4 4. Nxd4 a6 5. c4 Nf6 6. Nc3 Qc7 7. Be3 Bb4 8. Bd3
Nc6 9. Nxc6 Qxc6 10. f3 Bxc3+ 11. bxc3 d5 12. cxd5 Qxc3+ 13. Kf1 O-O 14. Rc1
Qa5 15. d6 Qxa2 16. Bd4 Qa5 17. f4 Qh5 18. Qd2 Nd7 19. e5 f6 20. Kg1 fxe5 21.
fxe5 b6 22. Be4 Ra7 23. Rc3 Nxe5 24. Rh3 Raf7 25. Bd3 Nxd3 26. Qxd3 Rf1+ 27.
Qxf1 Rxf1+ 28. Kxf1 Qd1+ 29. Kf2 Qxd4+ 30. Ke2 Qxd6 0-1

[Event "Tradewise Gibraltar Chess Festival 2013"]
[Site "Gibraltar ENG"]
[Date "2013.01.28"]
[Round "7.49"]
[White "Dukaczewski, Piotr"]
[Black "Kozarcanin, Sead"]
[Result "1-0"]
[WhiteElo "2268"]
[BlackElo "2090"]
[PlyCount "61"]
[EventDate "2013.01.22"]
[EventType "swiss"]
[EventRounds "10"]
[EventCountry "ENG"]
[Source "lmi"]
[SourceDate "2013.01.22"]

1. e4 e5 2. Nf3 Nc6 3. d4 exd4 4. Nxd4 Nf6 5. Nxc6 bxc6 6. e5 Qe7 7. Qe2 Nd5 8.
c4 Nb6 9. Nc3 Bb7 10. Bf4 O-O-O 11. O-O-O Qe6 12. Qc2 Ba6 13. b3 f6 14. c5 Bxf1
15. cxb6 Bxg2 16. bxc7 Re8 17. Rhe1 fxe5 18. Rxe5 Ba3+ 19. Kb1 Qg4 20. Qd3 Kb7
21. Ra5 Qxf4 22. Qa6+ Kxc7 23. Qxa7+ Kc8 24. Qxd7+ Kb8 25. Qa7+ Kc8 26. Qa6+
Kc7 27. Rxa3 Qf5+ 28. Kb2 Qxf2+ 29. Ka1 Re1 30. Qa5+ Kb7 31. Qb4+ 1-0

[Event "Tradewise Gibraltar Chess Festival 2013"]
[Site "Gibraltar ENG"]
[Date "2013.01.28"]
[Round "7.50"]
[White "Gromovs, Sergejs"]
[Black "Omar, Noaman"]
[Result "0-1"]
[WhiteElo "2001"]
[BlackElo "2314"]
[PlyCount "65"]
[EventDate "2013.01.22"]
[EventType "swiss"]
[EventRounds "10"]
[EventCountry "ENG"]
[Source "lmi"]
[SourceDate "2013.01.22"]

1. d4 d5 2. c4 e6 3. Nc3 Be7 4. Bf4 Nf6 5. e3 O-O 6. Qc2 b6 7. cxd5 Nxd5 8. Bg3
c5 9. Nf3 cxd4 10. Nxd4 Nxc3 11. bxc3 Bb7 12. Bd3 h6 13. O-O Nd7 14. Rfd1 Qc8
15. a4 Nc5 16. a5 Nxd3 17. Qxd3 Ba6 18. Qe4 Bb7 19. Qc2 Rd8 20. f3 Bf6 21. axb6
axb6 22. Rxa8 Bxa8 23. Rb1 e5 24. Nf5 Qc5 25. Bf2 e4 26. Nd4 exf3 27. Rb5 Qc4
28. Rb4 Qc8 29. gxf3 Bxd4 30. exd4 Bxf3 31. Rxb6 Qg4+ 32. Bg3 h5 33. Rb4 0-1

[Event "Tradewise Gibraltar Chess Festival 2013"]
[Site "Gibraltar ENG"]
[Date "2013.01.28"]
[Round "7.51"]
[White "Kvisvik, Brede"]
[Black "Pinho, Paulo"]
[Result "1-0"]
[WhiteElo "2314"]
[BlackElo "2128"]
[PlyCount "83"]
[EventDate "2013.01.22"]
[EventType "swiss"]
[EventRounds "10"]
[EventCountry "ENG"]
[Source "lmi"]
[SourceDate "2013.01.22"]

1. e4 c5 2. Nf3 e6 3. d4 cxd4 4. Nxd4 Nf6 5. Nc3 d6 6. g4 Be7 7. g5 Nfd7 8. f4
Nc6 9. Be3 O-O 10. h4 a6 11. h5 Nxd4 12. Qxd4 e5 13. Qd2 exf4 14. Bxf4 Ne5 15.
Be2 Be6 16. Nd5 Rc8 17. O-O-O Bxd5 18. exd5 Re8 19. Rdg1 Qc7 20. Kb1 Nc4 21.
Bxc4 Qxc4 22. Rh3 Rc5 23. Rd3 Bf8 24. Be3 Rcc8 25. Rd4 Qb5 26. Qf2 Re5 27. Rf1
Rc7 28. a4 Qe8 29. Bd2 b5 30. a5 Re4 31. Bc3 Rxd4 32. Qxd4 Rc4 33. Qa7 b4 34.
Qxa6 Rc5 35. Bxb4 Rb5 36. Qc6 Qxc6 37. dxc6 Rxb4 38. a6 Rb8 39. Rf3 d5 40. Rb3
Ra8 41. c7 Bd6 42. Rb7 1-0

[Event "Tradewise Gibraltar Chess Festival 2013"]
[Site "Gibraltar ENG"]
[Date "2013.01.28"]
[Round "7.52"]
[White "Arvola, Benjamin"]
[Black "Lindsoe, Fredrik Aunan"]
[Result "1-0"]
[WhiteElo "2309"]
[BlackElo "2064"]
[PlyCount "73"]
[EventDate "2013.01.22"]
[EventType "swiss"]
[EventRounds "10"]
[EventCountry "ENG"]
[Source "lmi"]
[SourceDate "2013.01.22"]

1. e4 c5 2. Nf3 Nc6 3. d4 cxd4 4. Nxd4 Nf6 5. Nc3 e5 6. Ndb5 h6 7. Nd5 Nxd5 8.
exd5 a6 9. dxc6 axb5 10. cxd7+ Bxd7 11. Qd5 Qc7 12. Bd2 b4 13. Bb5 Bc6 14.
Bxc6+ bxc6 15. Qe4 Rd8 16. c3 Bc5 17. Be3 Bxe3 18. Qxe3 Qa5 19. O-O bxc3 20. b4
Qd5 21. Qxc3 O-O 22. a3 Rd6 23. a4 Rg6 24. g3 f5 25. Rad1 Qe6 26. Rfe1 Re8 27.
a5 f4 28. Re4 Kh7 29. Rde1 Rg5 30. Rxf4 Qh3 31. Qc2+ Kh8 32. Qxc6 Rc8 33. Rh4
Rxc6 34. Rxh3 Rc2 35. Ra1 Rf5 36. a6 Rfxf2 37. a7 1-0

[Event "Tradewise Gibraltar Chess Festival 2013"]
[Site "Gibraltar ENG"]
[Date "2013.01.28"]
[Round "7.53"]
[White "Hommerson, Paul"]
[Black "Salem, A.R. Saleh"]
[Result "0-1"]
[WhiteElo "2237"]
[BlackElo "2538"]
[PlyCount "104"]
[EventDate "2013.01.22"]
[EventType "swiss"]
[EventRounds "10"]
[EventCountry "ENG"]
[Source "lmi"]
[SourceDate "2013.01.22"]

1. e4 c5 2. Nf3 Nc6 3. d4 cxd4 4. Nxd4 Nf6 5. Nc3 e5 6. Ndb5 d6 7. Bg5 a6 8.
Na3 b5 9. Bxf6 gxf6 10. Nd5 f5 11. Bd3 Be6 12. O-O Bxd5 13. exd5 Ne7 14. c3 Bg7
15. Qh5 e4 16. Bc2 Qc8 17. Rae1 O-O 18. f3 b4 19. Nb1 bxc3 20. Nxc3 Rb8 21. Bb3
Be5 22. fxe4 f4 23. Rf3 f6 24. Ne2 Ng6 25. g3 Qc5+ 26. Kf1 fxg3 27. hxg3 Rf7
28. Nf4 Nxf4 29. gxf4 Rg7 30. Qh2 Bd4 31. Rg3 Rbb7 32. Ke2 a5 33. Rh1 Kh8 34.
Rxg7 Rxg7 35. Qh3 a4 36. Bd1 Qc1 37. Ke1 Be3 38. Qh2 Bxf4 39. Qe2 Be5 40. Qc2
Qe3+ 41. Qe2 Qd4 42. Kf1 Bh2 43. Qh5 Bf4 44. Qf3 Be5 45. Qe2 f5 46. exf5 Rg5
47. Qf3 a3 48. f6 Kg8 49. bxa3 Rg3 50. Qh5 Qf4+ 51. Ke1 Bc3+ 52. Ke2 Re3# 0-1

[Event "Tradewise Gibraltar Chess Festival 2013"]
[Site "Gibraltar ENG"]
[Date "2013.01.28"]
[Round "7.54"]
[White "Kurmann, Oliver"]
[Black "Zygouris, Hristos"]
[Result "0-1"]
[WhiteElo "2456"]
[BlackElo "2218"]
[PlyCount "102"]
[EventDate "2013.01.22"]
[EventType "swiss"]
[EventRounds "10"]
[EventCountry "ENG"]
[Source "lmi"]
[SourceDate "2013.01.22"]

1. e4 d5 2. exd5 Qxd5 3. Nc3 Qa5 4. d4 Nf6 5. Nf3 Bf5 6. Bc4 e6 7. Bd2 c6 8.
Nd5 Qd8 9. Nxf6+ Qxf6 10. Qe2 Nd7 11. O-O-O Be7 12. Bg5 Qg6 13. Bxe7 Kxe7 14.
Kb1 Rhd8 15. h3 h5 16. Nh4 Qg5 17. Nxf5+ Qxf5 18. d5 cxd5 19. Rxd5 Qg6 20. Rxh5
Nf6 21. Rh4 Qxg2 22. Qe1 Rd2 23. Rf1 Rad8 24. Bd3 a5 25. Rc4 Rd7 26. h4 b5 27.
Rc5 Ne4 28. Rxb5 R2xd3 29. cxd3 Qxf1 30. Qxf1 Nd2+ 31. Kc2 Nxf1 32. Rxa5 Rd4
33. Ra7+ Kf6 34. Kc3 Rf4 35. b4 Rxf2 36. b5 Ne3 37. Kd4 Nd5 38. a4 Rf4+ 39. Kc5
Rxh4 40. a5 g5 41. b6 Rh1 42. b7 Rb1 43. a6 Nb4 44. Kb6 Nxd3+ 45. Kc6 Nb4+ 46.
Kc7 g4 47. Ra8 g3 48. a7 Na6+ 49. Kc8 g2 50. b8=Q Nxb8 51. Rxb8 Ra1 0-1

[Event "Tradewise Gibraltar Chess Festival 2013"]
[Site "Gibraltar ENG"]
[Date "2013.01.28"]
[Round "7.55"]
[White "Ferrante, Marco"]
[Black "Poetsch, Hagen"]
[Result "0-1"]
[WhiteElo "2227"]
[BlackElo "2437"]
[PlyCount "50"]
[EventDate "2013.01.22"]
[EventType "swiss"]
[EventRounds "10"]
[EventCountry "ENG"]
[Source "lmi"]
[SourceDate "2013.01.22"]

1. e4 c5 2. Nf3 d6 3. d4 cxd4 4. Nxd4 Nf6 5. Nc3 a6 6. Bg5 Nbd7 7. Bc4 Qb6 8.
Qd2 Qxb2 9. Rb1 Qa3 10. O-O e6 11. Kh1 Be7 12. f4 Qa5 13. Rbe1 h6 14. Bxe6 hxg5
15. Bxd7+ Bxd7 16. e5 Ng4 17. exd6 Rxh2+ 18. Kg1 O-O-O 19. dxe7 Rdh8 20. e8=Q+
Bxe8 21. Rxe8+ Rxe8 22. Rf3 gxf4 23. Rh3 f3 24. Rxf3 Qh5 25. Rh3 Qxh3 0-1

[Event "Tradewise Gibraltar Chess Festival 2013"]
[Site "Gibraltar ENG"]
[Date "2013.01.28"]
[Round "7.56"]
[White "Bird, Andrew"]
[Black "Telljohann, Sven"]
[Result "0-1"]
[WhiteElo "2223"]
[BlackElo "2423"]
[PlyCount "98"]
[EventDate "2013.01.22"]
[EventType "swiss"]
[EventRounds "10"]
[EventCountry "ENG"]
[Source "lmi"]
[SourceDate "2013.01.22"]

1. d4 g6 2. e4 Bg7 3. Nc3 d6 4. Nf3 a6 5. Be2 Nd7 6. a4 e6 7. Bg5 Ne7 8. Qd2 h6
9. Be3 b6 10. O-O Bb7 11. Bd3 Nf6 12. Rad1 d5 13. e5 Ne4 14. Qe2 Nf5 15. Nd2
Nxd2 16. Rxd2 Qe7 17. Nd1 Qb4 18. b3 O-O 19. Bxf5 exf5 20. Nb2 a5 21. Nd3 Qc3
22. f4 c5 23. Rf3 c4 24. Ne1 cxb3 25. Bf2 Qa1 26. cxb3 Ba6 27. Qe3 Rac8 28. h3
Rc1 29. Kh2 Rfc8 30. Bh4 R8c6 31. g4 R6c3 32. Qf2 Rxf3 33. Nxf3 Rf1 34. Qg2
fxg4 35. hxg4 Qc1 36. Bf2 Qc3 37. Qg3 Rb1 38. f5 Rxb3 39. Kg2 Bd3 40. Rxd3 Qxd3
41. f6 Bf8 42. Qf4 b5 43. g5 bxa4 44. e6 fxe6 45. f7+ Kh7 46. gxh6 Qxf3+ 47.
Qxf3 Rxf3 48. Kxf3 a3 49. Be1 a2 0-1

[Event "Tradewise Gibraltar Chess Festival 2013"]
[Site "Gibraltar ENG"]
[Date "2013.01.28"]
[Round "7.57"]
[White "Moreno Tejera, Emilio"]
[Black "Sanchez Castillo, Sarai"]
[Result "1-0"]
[WhiteElo "2413"]
[BlackElo "2212"]
[PlyCount "53"]
[EventDate "2013.01.22"]
[EventType "swiss"]
[EventRounds "10"]
[EventCountry "ENG"]
[Source "lmi"]
[SourceDate "2013.01.22"]

1. e4 e6 2. d4 d5 3. Bd3 Nf6 4. e5 Nfd7 5. c3 c5 6. Nf3 Be7 7. a3 Nc6 8. b4
cxd4 9. cxd4 Nb6 10. O-O a6 11. Nbd2 g6 12. Qe2 Na4 13. Nb3 b5 14. Bh6 Bf8 15.
Qd2 Nb6 16. Bxf8 Kxf8 17. Rfc1 Nc4 18. Qh6+ Kg8 19. h4 Qf8 20. Qf4 Qg7 21. Nc5
h6 22. Rc3 g5 23. hxg5 hxg5 24. Nxg5 Rh5 25. Nh7 Kh8 26. Nf6 Rh6 27. Bxc4 1-0

[Event "Tradewise Gibraltar Chess Festival 2013"]
[Site "Gibraltar ENG"]
[Date "2013.01.28"]
[Round "7.60"]
[White "Georgiadis, Nico"]
[Black "Tscharotschkin, Michael"]
[Result "1/2-1/2"]
[WhiteElo "2369"]
[BlackElo "2200"]
[PlyCount "60"]
[EventDate "2013.01.22"]
[EventType "swiss"]
[EventRounds "10"]
[EventCountry "ENG"]
[Source "lmi"]
[SourceDate "2013.01.22"]

1. e4 e6 2. d4 d5 3. Nc3 Bb4 4. e5 c5 5. a3 Bxc3+ 6. bxc3 Qc7 7. Nf3 Ne7 8. a4
b6 9. Bb5+ Bd7 10. Bd3 Nbc6 11. O-O c4 12. Be2 Na5 13. h4 Bc6 14. h5 h6 15. Nh4
g5 16. hxg6 Nxg6 17. Nxg6 fxg6 18. Bg4 Qf7 19. Bh3 Kd7 20. Qg4 Rag8 21. f4 h5
22. Qh4 Nb7 23. Ba3 Re8 24. Rf2 Kc8 25. Re1 Bxa4 26. Re3 Nd8 27. Rg3 Bd7 28.
Qf6 Rhg8 29. Kf1 Qh7 30. Ke1 Nf7 1/2-1/2